00365nam a2200121Ia 4500008004100000082001800041100002100059245003800080260003800118365001100156630003800167730003800205100415s9999 xx 000 0 und d b11933a770.28 aFreeman Michael aThe complete guide to photography aLONDONc1989bHEADLINE BOOK PUBL. b728.85 aThe complete guide to photography aThe complete guide to photography